000 00896cam a2200301 a 4500
001 105668
005 20230410132918.0
008 971103s2010 nyu b 001 0 eng
035 _a2599577
010 _a97039361
035 _9(DLC) 97039361
040 _aDLC
_cDLC
_dDLC
049 _aGRAL
050 1 4 _aB 128
_bG752ma 2010
082 0 0 _a335.4/22
100 1 _aMarx, Karl,
_d1818-1883
130 1 _aGrandes obras del pensamiento.
245 1 3 _aEl manifiesto comunista :
_bEl capital /
_cKarl Marx.
260 _aMadrid :
_bEl PaĆ­s,
_c2010.
300 _a414 p. ;
_c19 cm.
440 0 _aGrandes obras del pensamiento.
500 _aTraducido del idioma original: The communist manifesto: the capital.
600 1 0 _aMarx, Karl,
_d1818-1883.
_tManifest der Kommunistischen Partei.
650 0 _aCommunism.
650 0 _aSocialism.
650 0 _aPhilosophy.
942 _2lcc
_cbk
999 _c90063
_d90063